Reinforced concrete design /

Guardat en:
Dades bibliogràfiques
Autor principal: Mosley, W. H.
Format: Llibre
Idioma:English
Publicat: Basingstoke : Macmillan, 1999.
Edició:5th ed.
Matèries:
Etiquetes: Afegir etiqueta
Sense etiquetes, Sigues el primer a etiquetar aquest registre!
Thư viện lưu trữ: Mạng thư viện Đại học Đà Nẵng
LEADER 00883cam a2200337 i 4500
001 000046227
003 5684
005 20030312084912.0
008 010220|1999 vm 000 eng
020 |a 0333739566 (pbk.) 
040 |a IRC  |c IRC  |d IRC 
041 0 |a eng 
082 1 4 |a 624.18341  |b MO-W 
100 1 |a Mosley, W. H.  |q (William Henry) 
245 0 0 |a Reinforced concrete design /  |c W. H. (William Henry) Mosley. 
250 |a 5th ed. 
260 |a Basingstoke :  |b Macmillan,  |c 1999. 
300 |a xi, 385p. :  |b ill. 
630 0 4 |a Structural design. 
650 0 4 |a Structural design. 
650 0 4 |a Reinforced concrete construction. 
OWN |a DUT 
999 |a From the UDN01 
TYP |a Monograph 
TYP |a Printed language 
980 |a Mạng thư viện Đại học Đà Nẵng